[Event "AUT-chT 0506"]
[Site "Austria"]
[Date "2006.01.15"]
[Round "?"]
[White "Sprenger, Jan Michael"]
[Black "Lazarev, Vladimir"]
[Result "0-1"]
[WhiteElo "2505"]
[BlackElo "2503"]
[Annotator "Lazarev,V"]
[PlyCount "84"]
[EventDate "2005.11.18"]
[EventType "team"]
[EventRounds "11"]
[EventCountry "AUT"]
[SourceTitle "EXT 2007"]
[Source "ChessBase"]
[SourceDate "2006.11.23"]
[SourceVersion "1"]
[SourceVersionDate "2006.11.23"]
[SourceQuality "1"]
[WhiteTeam "Wulkaprodersdorf"]
[BlackTeam "Klagenfurt"]
[WhiteTeamCountry "AUT"]
[BlackTeamCountry "AUT"]

1. e4 c5 2. Nf3 Nc6 3. d4 cxd4 4. Nxd4 Qc7 5. Nc3 e6 6. g3 a6 7. Bg2 Nf6 8. O-O
d6 {The alternatives to this natural move are} (8... Nxd4 9. Qxd4 Bc5 10. Bf4
d6 11. Qd2 h6 12. Rad1 e5 13. Be3 Be6 14. Bxc5 dxc5 15. Nd5 Bxd5 16. exd5 Qd6
17. f4 O-O 18. fxe5 Qxe5 19. d6 Qxb2 20. c4 $1 Qxd2 21. Rxd2 Rab8 22. a4 Rfd8
23. Re1 $5 (23. Rb1) 23... Kf8 24. Re5 Nd7 25. Re4 f6 26. Rb2 Re8 (26... b6 $5)
27. Rxe8+ Kxe8 28. Bd5 b6 {and Black is OK. 1/2 Carlsen-Pelletier,GM Biel 2006}
) (8... Bc5 9. Nb3 (9. Nxc6 dxc6) 9... Ba7 10. Qe2 d6 {with counter-play for
Black.}) 9. a4 Be7 10. Nb3 b6 11. f4 Bb7 12. Be3 O-O 13. g4 Rfe8 14. g5 Nd7 15.
Qg4 {The standard plan of attack for White is} (15. Rf3 Na5 $5 (15... Bf8 16.
Rh3 g6 $132) 16. Nxa5 bxa5 17. Rh3 Rad8 18. Qh5 Nf8 19. Rf1 d5 20. f5 exf5 21.
exf5 d4 22. f6 Bc5 {with an interesting and very sharp position that was
played in the game Felgaer-Volokitin,Cuernavaca 2006 0:1}) 15... Nb4 $1 {
The right plan. Black's knight is attacking the c2-pawn and preparing a
counter-play in the center by pushing d6-d5.} 16. Rf2 Bf8 {Fighting against f5,
but a reaction by immediate} (16... d5 $5 {is also interesting}) (16... Nc5 $5)
17. Rd1 Nc5 18. Nxc5 (18. f5 $13) 18... bxc5 19. Qg3 $6 {By playing this my
opponent has underestimated my next move. I think White should play} (19. f5 $5
exf5 20. Qxf5 Bc8 21. Qf3 Be6 {with a complicated and unclear position.}) 19...
d5 $1 20. exd5 $8 exd5 21. Nxd5 Nxd5 22. Bxd5 Bxd5 23. Rxd5 Qb7 $1 {This is
the point ! Probably Sprenger overlooked this move. Now Black wins back his
pawn, getting a positional advantage.} 24. Rd1 (24. c4 $6 Qb3 $1 25. Bd2 Qxc4
26. Qd3 Qxa4 $17) 24... Qxb2 {White's king and the pawns c2 and a4 are weak.
Now Black is clearly better.} 25. f5 Qa3 26. Bc1 Qxa4 $17 27. g6 {Last chance}
Re4 $138 (27... Rad8 $1 {was stronger.}) 28. gxf7+ Kxf7 29. Qd3 $6 (29. h3 $5)
29... Rg4+ 30. Kf1 Rd4 31. Qf3 Qc4+ 32. Kg1 Rxd1+ (32... Rad8 $17) 33. Qxd1 Be7
$6 34. Rf4 $1 Qa2 {Now Black's queen is out of play.} 35. Ra4 $2 $138 {Missing
the last chance.} (35. f6 $5 {still with some complications.}) 35... Qxa4 36.
Qd5+ Ke8 37. Qxa8+ Bd8 {No perpetual check !} 38. Qd5 (38. Be3 Qg4+ $17) 38...
Qd4+ 39. Qxd4 cxd4 40. Kf2 Kd7 41. Kf3 Kc6 42. Ke4 Kc5 {This ending is not
holding for White: 43.Bb2 Bf6 and pushing the a-pawn and playing Kc4 or Kd5 in
case of White's move Kd3.} 0-1

[Event "Berga op"]
[Site "Berga"]
[Date "1995.??.??"]
[Round "4"]
[White "Magem Badals, Jordi"]
[Black "Kalesis, Nikolaos"]
[Result "1-0"]
[WhiteElo "2560"]
[BlackElo "2420"]
[Annotator "Marin,M"]
[PlyCount "135"]
[EventDate "1995.??.??"]
[EventType "swiss"]
[EventRounds "9"]
[EventCountry "ESP"]
[SourceTitle "EXT 1997"]
[Source "ChessBase"]
[SourceDate "1996.11.15"]
[SourceVersion "1"]
[SourceVersionDate "1996.11.15"]
[SourceQuality "1"]

1. e4 c5 2. Nf3 d6 3. d4 cxd4 4. Nxd4 Nf6 5. f3 e6 6. Nc3 a6 7. Be3 Be7 8. Qd2
Nc6 9. O-O-O O-O 10. g4 Nxd4 11. Qxd4 Nd7 12. h4 Ne5 13. Be2 b5 14. Kb1 Bb7 15.
g5 Rc8 16. h5 Nc6 17. Qd2 Qa5 18. Bd3 b4 19. Ne2 Ne5 20. Nd4 d5 21. g6 Nxf3 22.
gxh7+ Kh8 23. Nxf3 dxe4 24. Bd4 exd3 25. Rdg1 (25. h6 dxc2+ 26. Qxc2 Bf6 27.
hxg7+ Bxg7 28. Bxg7+ Kxg7 29. h8=Q+ Rxh8 30. Rdg1+ Kf6) 25... dxc2+ 26. Kc1 f6
27. Qg2 Qg5+ (27... Rf7 28. h6 g5 29. Nxg5 Bxg2 30. Nxf7+ Kxh7 31. Rxg2 Bf8 (
31... Rg8 32. Rxg8 Kxg8 33. h7+) 32. Rhg1 Bxh6+ 33. Nxh6 $18) 28. Qxg5 fxg5 29.
h6 Bf6 30. hxg7+ Bxg7 31. Bxg7+ Kxg7 32. Nxg5 Bxh1 33. Nxe6+ Kxh7 34. Nxf8+
Rxf8 35. Rxh1+ Kg6 36. Kxc2 $6 $138 (36. Rg1+ $1 Kh7 37. Kxc2) 36... Rf2+ 37.
Kb3 a5 38. Rb1 Kf6 39. Ka4 Rf5 40. Rc1 Rf2 41. Rb1 Rf5 42. b3 Ke6 43. Rd1 Ke7
44. Rd2 Rh5 45. Rg2 Kd7 46. Rg6 Kc7 47. Ra6 Rh2 48. Rxa5 Rxa2+ 49. Kxb4 $10 Rb2
$6 {(Not beeing mistakes, this move and the next ones show clearly that black
has no idea about what is going on, although he proudly offered a drow here
arround.)} (49... Rh2) 50. Rh5 Kb7 51. Ka4 Rb1 $6 52. b4 Ra1+ $6 53. Kb5 Rg1
54. Rh7+ Kb8 55. Ka5 Rg5+ $6 (55... Rg6) 56. b5 Rg1 $6 57. Ka6 Rb1 $4 {(The
young IM chooses the "active" defence and went out to smoke a ciggarre beeing
sure that everything is under control.)} (57... Rg6+ 58. b6 Rg8 $10) 58. Kb6
Kc8 59. Rh8+ Kd7 60. Rb8 $18 Rb2 61. Ka7 Kd6 62. b6 Kd7 63. Rh8 Kc6 64. Rc8+
Kd7 65. b7 Ra2+ 66. Kb8 Ra1 67. Rc2 Rb1 68. Rd2+ 1-0

[Event "Cupa Dinamo"]
[Site "Brasov"]
[Date "1998.??.??"]
[Round "9"]
[White "Sofronie, Iulian"]
[Black "Rogozenco, Dorian"]
[Result "1-0"]
[WhiteElo "2405"]
[BlackElo "2495"]
[Annotator "Marin,M"]
[PlyCount "69"]
[EventDate "1998.03.??"]
[EventType "tourn"]
[EventRounds "11"]
[EventCountry "ROU"]
[EventCategory "8"]
[SourceTitle "CBM 063 Extra"]
[Source "ChessBase"]
[SourceDate "1998.04.29"]
[SourceVersion "1"]
[SourceVersionDate "1998.04.29"]
[SourceQuality "1"]

1. e4 c5 2. Nf3 Nc6 3. Nc3 e6 4. g3 d6 5. Bg2 Nf6 6. O-O Be7 7. d4 cxd4 8. Nxd4
Bd7 9. b3 Nxd4 10. Qxd4 Bc6 11. Bb2 O-O 12. Rad1 Qc7 13. Qd3 Rfd8 14. Rfe1 a6
15. a4 b6 16. Ne2 Bb7 17. c4 Rac8 18. Nf4 Bc6 19. Ne2 Qb8 20. Nd4 Bb7 21. h3
Qa8 22. g4 Nd7 23. Qe3 Bf8 24. g5 Re8 25. f4 Nc5 26. Re2 e5 27. Nf5 Ne6 28. Rf1
(28. fxe5 dxe5 29. Bxe5 $6 (29. Nd6 Nf4 30. Ree1 Bxd6 31. Rxd6 Nxg2 32. Kxg2
$13) 29... Bc5 30. Nd4 (30. Bd4 Nxd4 31. Nxd4 Rcd8 $44) 30... Nd8 31. Bg3 (31.
Qg3 Rxe5 32. Qxe5 Nc6 $19) 31... Nc6 $17) 28... d5 29. Kh1 (29. fxe5 Bc5 30.
Nd4 dxc4 31. bxc4 Rcd8 $17) 29... d4 30. Qg3 Nc5 $2 (30... Nxf4 31. Rxf4 (31.
Ree1 Bb4 32. Rd1 Bxe4) 31... exf4 32. Qxf4 $17) 31. fxe5 Bxe4 $2 (31... Nxe4
32. Qf4 Nc5 33. Nh6+ $6 (33. Nxd4 $16) 33... gxh6 34. Qxf7+ Kh8 35. gxh6 Bxh6
36. Bxd4 Bxg2+ 37. Rxg2 Re6 38. Bxc5 Rg6) 32. Rxe4 Nxe4 33. Qf4 $18 Qb8 34.
Bxe4 Qxe5 35. Nh6+ (35. Nh6+ gxh6 36. Qxf7+ Kh8 37. Qxh7#) 1-0

[Event "Bundesliga 9899"]
[Site "Germany"]
[Date "1998.12.13"]
[Round "6.1"]
[White "McShane, Luke J"]
[Black "Lutz, Christopher"]
[Result "1-0"]
[WhiteElo "2470"]
[BlackElo "2600"]
[Annotator "McShane,L"]
[PlyCount "123"]
[EventDate "1998.10.17"]
[EventType "team-tourn"]
[EventRounds "15"]
[EventCountry "GER"]
[SourceTitle "CBM 068"]
[Source "ChessBase"]
[SourceDate "1999.02.01"]
[SourceVersion "1"]
[SourceVersionDate "1999.02.01"]
[SourceQuality "1"]
[WhiteTeam "Erfurt"]
[BlackTeam "Porz"]
[WhiteTeamCountry "GER"]
[BlackTeamCountry "GER"]

1. e4 c5 2. Nf3 d6 3. d4 cxd4 4. Nxd4 Nf6 5. Nc3 a6 6. Be3 e6 7. Qd2 Be7 8. f3
Nc6 9. O-O-O O-O 10. g4 Nxd4 11. Bxd4 b5 12. h4 Bb7 13. g5 Nd7 14. Kb1 Rc8 15.
a3 Ne5 16. Be2 (16. Qe3 Nc4 17. Bxc4 Rxc4 18. Rhg1 b4 19. axb4 Rxb4 20. Rg2 Ba8
21. b3 a5 22. h5 Qc7 23. Bf6 Rfb8 24. Bxe7 Qxe7 25. Rd4 e5 26. Rxb4 axb4 27.
Na2 Qc7 28. Qd3 Kf8 29. g6 fxg6 30. hxg6 h6 31. f4 exf4 32. Rf2 Kg8 33. Rxf4
Qc5 34. Rf1 Qb5 35. Rc1 Qe5 36. Qc4+ Kh8 37. Rh1 Bxe4 38. Qc7 Rf8 39. Rxh6+ Kg8
40. Nc1 Bxc2+ {0-1 Topalov,V-Kasparov,G/Novgorod 1995}) 16... Nc6 (16... Nc4 $5
) 17. Be3 b4 18. axb4 Nxb4 19. h5 {White must counterattack immediately,
otherwise black will just go Qa5 and Rxc3.} Qa5 20. h6 g6 21. Qd4 e5 (21... f6
$2 22. Bc4 d5 23. Bb3 $14) 22. Qb6 Qxb6 23. Bxb6 Bxg5 24. Rxd6 $14 Rfe8 25. Rd7
$6 Re7 {Unsure about what was needed in the match I repeated once.} (25... Bc6
26. Ra7 Re7 $14) 26. Rd8+ Re8 27. Rd7 $6 (27. Rxe8+ $142 Rxe8 28. Na4 Bc6 29.
Nc5 Bb5 (29... Be3) 30. c4 Bc6 31. Ba5 Rb8 32. Bxb4 Rxb4 33. Nxa6 Rb3 $44 {
though it is posible white will come out clearly better}) 27... Re7 28. Rxe7
Bxe7 29. Rd1 Bg5 30. Nd5 Nc6 (30... Bxd5 31. exd5 Rxc2 32. Bxa6 $14) (30...
Rxc2 31. Bxa6 $1 Bxd5 32. exd5 {is the same}) (30... Nxc2 31. Rg1 Bxd5 (31...
Bh4 32. Rg4) 32. Rxg5 $16) 31. Bc4 Kf8 32. Nc7 $2 (32. Ba2 $142 Bxh6 $2 33. Nf6
Kg7 34. Rd7 $1 $16) 32... Nd4 33. Bd5 Nc6 $2 (33... Bxd5 $142 34. exd5 Nxf3 35.
d6 e4 $132) 34. Be6 $6 {I couldn't see a breakthrough so I tried to provoke an
error in my opponent's time trouble. Nevertheless, this is a pretty pointless
move. The way forward was} (34. Rd3 {when} Bxh6 (34... Bd8 35. Bxc6 Bxc6 36.
Ne6+ fxe6 37. Bxd8 Bb5 38. Rd2 Be2 39. Bg5 $1 $16 Bxf3 $4 40. Rf2 $18) {
is bad due to} 35. Rc3 Ne7 (35... Nd8 36. Bxb7 Nxb7 (36... Rb8 37. Nxa6) 37.
Ne6+ $18) 36. Bxb7 Rb8 37. Nxa6 Rxb7 38. Nc5 $1 Rxb6 39. Nd7+ $18) 34... Rd8
35. Bd5 Rd7 36. Rd3 Bd8 37. Bc5+ Be7 38. Bb6 {Another repetition, as I still
didn't see anything concrete and I was running quite short of time as well.}
Bd8 39. Bc5+ Be7 40. Bxc6 {Finally I realised what to play.} Rxd3 $2 (40...
Rxc7 $4 41. Rd8#) (40... Bxc6 {was better, however} 41. Nxa6 Rxd3 42. cxd3 Bb5
43. Bxe7+ Kxe7 44. Nc5 Kf6 45. Kc2 Kg5 {when white is better as he has ideas
of Nb7-d6 followed by pushing the b-pawn, and/or Kd2-e3 to defend the kingside,
although black has definite counterchances.}) 41. Bxe7+ Kxe7 42. Bxb7 Rxf3 43.
Nd5+ Kd6 44. Bxa6 $2 {Much better was b4, when the plan of c4-c5 and a quick
promotion wins easily, as pointed out by Khalifman afterwards.} f5 $1 45. Nf6
Rh3 46. b4 f4 (46... Rxh6 47. c4 $1 {and white has enough initiative to get
the pawns home fast.}) 47. b5 Kc7 48. Nd5+ Kb8 49. c4 (49. b6 {is bad as} Rxh6
$1 50. Nf6 (50. Ne7 g5) 50... Rh1+ 51. Kb2 Rd1 {is good for black}) 49... f3
50. c5 f2 51. b6 Rh1+ $4 {black loses after this. Instead} (51... Ra3 52. Be2
Kb7 53. Kc2 Ra5 (53... Ra1 54. Bb5 f1=Q 55. c6+ {is winning, similarly to the
game although white's king being on c2 rather than b2 (from where it guards a1)
which makes life a bit more difficult.}) 54. Kd2 Rxc5 55. Ke3 Rc1 56. Kxf2 Rh1
57. Kg3 Rxh6 58. Bf3 {and black is in trouble due to his awkward rook.}) 52.
Kb2 f1=Q 53. Bxf1 Rxf1 54. c6 g5 55. Nb4 $18 Rf8 56. Na6+ Ka8 57. Nc5 Rb8 58.
b7+ Ka7 59. Kc3 (59. c7 $4 Rxb7+ $19) 59... Kb6 60. Nd7+ Kxc6 61. Nxb8+ Kc7 62.
Nd7 1-0

[Event "Varna op 7th"]
[Site "Varna"]
[Date "2013.06.23"]
[Round "5"]
[White "Mekhitarian, Krikor Sevag"]
[Black "Ashwin, Jayaram"]
[Result "1-0"]
[WhiteElo "2544"]
[BlackElo "2472"]
[Annotator "Mekhitarian,K"]
[PlyCount "59"]
[EventDate "2013.06.19"]
[EventType "swiss"]
[EventRounds "9"]
[EventCountry "BUL"]
[SourceTitle "CBM 155"]
[Source "ChessBase"]
[SourceDate "2013.07.16"]
[SourceVersion "1"]
[SourceVersionDate "2013.07.16"]
[SourceQuality "1"]

1. e4 c5 2. Nf3 d6 3. d4 cxd4 4. Nxd4 Nf6 5. Nc3 a6 6. Be3 e6 7. f3 b5 8. a3 $5
{In my opinion, a very tough move to fight against. Hard to understand why it
is not seen in high-level practice. Even if Black has a good way to deal with
it, it is definitely worth a shot.} Nbd7 9. g4 h6 10. Qd2 {By move
transposition, we can find some recent top-level games here, both mentioned
below.} Bb7 11. O-O-O {There are many alternatives for Black.} Rc8 (11... d5 $5
{is one of the possible moves} 12. exd5 Nxd5 13. Nxd5 Bxd5 14. Bg2 $36 {
when White will follow up with f4, having a comfortable initiative. Black has
to watch actions happening both in the center and at the K-side (f5 and g5).})
(11... Ne5 $5 {with Nfd7 soon.}) 12. h4 d5 (12... Nb6 $5 {The position is
indeed very rich and has to be explored in-depth.}) 13. Rg1 $1 (13. exd5 {
seen in the last December in a rapid game, is triable, but didn't seem to
bother Black at all:} Nxd5 14. Nxd5 Bxd5 15. Be2 Ne5 16. Kb1 Qc7 17. Rhe1 Nc4
$6 (17... Be7 $1 {would've been just fine} 18. Bf4 Nc4 19. Bxc4 Qxc4 $13) 18.
Bxc4 Qxc4 19. b3 Qc7 $6 (19... Qc3 $5 20. Qxc3 Rxc3 21. Nxb5 axb5 (21... Rc8 $5
) 22. Rxd5 Rxb3+ 23. cxb3 exd5 $14) 20. Bf4 $1 $16 {Be5 next, as well as Nf5
are tough moves to deal with: 1/2-1/2 (59) Bologan,V (2681)-Ivanchuk,V (2766)
Beijing 2012}) 13... dxe4 14. g5 hxg5 15. hxg5 Nd5 16. Nxe4 (16. Nxd5 {played
by Moro against Naka in May. Naturally, a super crazy and bizarre game took
place between these two fighters:} Bxd5 17. g6 f5 (17... f6 $5) (17... exf3 $5
18. gxf7+ Kxf7 19. Nxf3 Bxf3 20. Qf2 Qf6 21. Rxd7+ Ke8 $13) 18. fxe4 fxe4 (
18... Bxe4 $5 19. Nxe6 Bxc2 20. Nxd8 Be4+ 21. Qc3 Rxc3+ 22. bxc3 Bxa3+ 23. Kd2
Kxd8 $13) 19. Kb1 $1 $40 {with a4 next, the computer likes White. Morozevich,A
(2760)-Nakamura,H (2775) Thessaloniki 2013. All these analysis show how tense
and unexplored these lines are.}) 16... g6 (16... Qb6 $5 {was seen in some
correspondence games} 17. g6 f6 $13 {Black allows this K-side weakening, but
in the other hand increases the pressure on the Q-side}) (16... Nxe3 $2 17.
Qxe3 Qb6 (17... g6 $4 {too slow, naturally:} 18. Nxe6 $1 fxe6 19. Nf6+ $18) 18.
g6 f6 19. Rg3 $1 $16 {Bh3 or Rh3 next, and Black is worse.}) 17. Bf2 b4 $6 {
Natural, but fails tactically.} (17... Be7 {would be a normal move} 18. Kb1 Kf8
19. Bg2 $40 {with a weird position, but White seemingly has good chances with
Rh1 and a slow attack against the half-naked black K.}) 18. axb4 Nxb4 $4 {
Losing on the spot. My opponent thought 22.Nxf7 didn't work quite well and
went for it. Honestly, I saw that worst case scenario, I can make a draw with
22.Rxd7, and could still consider the critical, and actually winning 22.Nxf7.}
(18... Bxb4 {had to be played} 19. c3 Be7 (19... Nc5 $2 20. Nxc5 Bxc5 21. Nxe6
$1 fxe6 22. Bxc5 Qa5 (22... Rxc5 23. Qd4 $18) 23. Ba3 Rxc3+ 24. bxc3 Qxa3+ 25.
Qb2 Qxc3+ 26. Qxc3 Nxc3 27. Rd4 $16) 20. Kb1 Nc5 21. Nxc5 Bxc5 22. Bc4 $1 {
now preparing Nxe6 with Bxc5, since there are no tricks on d1 anymore} (22.
Nxe6 $6 fxe6 23. Bxc5 Rxc5 24. c4 (24. Qd4 $2 Rh4 $1 $17) 24... Qb6 25. cxd5
Bxd5 $15) 22... Qc7 23. Bb3 $36 {looking good for White, again with Rh1 at
some point.}) 19. Nxe6 $1 $18 Bxe4 (19... fxe6 20. Qxd7+ Qxd7 21. Nf6+ Kf7 22.
Rxd7+ Be7 23. Rxb7 Rxc2+ 24. Kb1 Rxf2 25. Ng4 $1 Rd2 26. Bc4 {and Black can't
survive any longer.} Nc6 27. Rc7 $18) 20. Nxd8 Rxc2+ 21. Qxc2 Bxc2 22. Nxf7 Rh2
23. Rd2 $1 {Forced and good.} Nc5 {Loses instantly, but what else?} (23... Kxf7
24. Rxd7+ Ke6 25. Rd2 $18) (23... Bb3 24. Nh6 $18) (23... Bc5 24. Bxc5 Nxc5 25.
Bc4 $18) 24. Rd8+ Kxf7 25. Rxf8+ Kg7 26. Bd4+ $1 Kxf8 27. Bxc5+ Ke8 28. Bxb4
Bf5 29. Bc3 Rc2+ 30. Kd1 1-0